Regionální demografie sborník příspěvků

Salvato in:
Dettagli Bibliografici
Ente Autore: Regionální demografie. Konference České demografické společnosti
Natura: Libro
Lingua:ceco
slovacco
Pubblicazione: Praha Český statistický úřad 2007
Soggetti:
Tags: Aggiungi Tag
Nessun Tag, puoi essere il primo ad aggiungerne!!

MARC

LEADER 00000nlm$a2200000$$$4500
001 0078724
005 20240223084214.9
041 0 |a cze 
041 0 |a slo 
044 |a CZ 
245 1 0 |a Regionální demografie  |b sborník příspěvků 
264 1 |a Praha  |b Český statistický úřad  |c 2007 
300 |a CD-ROM 
610 2 0 |a demografia 
610 2 0 |a diferenciácia regionálna 
610 2 0 |a demografia ekonomická 
610 2 0 |a demografia sociálna 
610 2 0 |a Česko 
610 2 0 |a Slovensko 
610 2 0 |a prognózy demografické 
110 2 |a Regionální demografie. Konference České demografické společnosti